000 00265nam a2200121Ia 4500
008 241002s9999 xx 000 0 und d
082 _a954 PAN
100 _aPanday, B.N
245 2 _aA Book of India
260 _aLondon:
_c1965
600 _aHistory
942 _cUC
999 _c18560
_d18560